000
00398nam a22001577a 4500
003
MPLRDC
005
20220104124745.0
008
210129b ||||| |||| 00| 0 eng d
082
_a
947.25 CYP
100
_a
陈育培编
245
_a
儿童肖像画大全
_c
260
_a
_b
星光美术出版社
_c
300
_b
平
650
_a
西洋画; 欧洲绘画--人像画
942
_c
BK
_o
947.25 CYP
999
_c
21907
_d
21897